| 000 | 00694nam a2200205 i 4500 | ||
|---|---|---|---|
| 001 | 171529 | ||
| 003 | ES-MaACL | ||
| 005 | 20250808062811.0 | ||
| 008 | 090519s1975 sp |||| | spa d | ||
| 017 | _aM 1519-1975 | ||
| 020 | _a84-220-0705-3 | ||
| 100 | 1 |
_aUrdanoz, Teófilo. _9139750 |
|
| 245 | 1 | 0 |
_aHistoria de la Filosofía. _nIV, _pSiglo XIX : Kant idealismo y espiritualismo / _cpor Teófilo Urdanoz. |
| 260 |
_aMadrid : _bLa Editorial Católica, _c1975. |
||
| 300 |
_aXIX, 670 p., 1 h. ; _c20 cm. |
||
| 490 | 1 |
_aBiblioteca de autores cristianos ; _v371 |
|
| 830 | 0 | 0 |
_aBiblioteca de autores cristianos _v371 _9178679 |
| 852 |
_aES-MaACL _jJ-364 _9R.46092 |
||
| 999 |
_c171529 _d171529 |
||